|
|
|
|
| LEADER |
00000nam0a2200000 4500 |
| 001 |
281322 |
| 005 |
20231101235406.0 |
| 035 |
|
|
|a (RuTPU)RU\TPU\book\305029
|
| 090 |
|
|
|a 281322
|
| 100 |
|
|
|a 20150121d1976 m y0rusy50 ca
|
| 101 |
0 |
|
|a rus
|
| 102 |
|
|
|a RU
|
| 105 |
|
|
|a a j 001zy
|
| 200 |
1 |
|
|a Испытания автомобилей
|e учебник для техникумов
|f Б. А. Куров, С. А. Лаптев, И. В. Балабин
|
| 210 |
|
|
|a Москва
|c Машиностроение
|d 1976
|
| 215 |
|
|
|a 208с.
|c ил.
|
| 320 |
|
|
|a Библиогр.: с. 207
|
| 606 |
1 |
|
|a Автомобили
|x Испытание
|2 stltpush
|3 (RuTPU)RU\TPU\subj\988
|9 29791
|
| 610 |
1 |
|
|a автомобильные двигатели
|
| 610 |
1 |
|
|a измерительная аппаратура
|
| 610 |
1 |
|
|a агрегаты
|
| 610 |
1 |
|
|a тормозные свойства
|
| 610 |
1 |
|
|a управляемость
|
| 610 |
1 |
|
|a учебники
|
| 675 |
|
|
|a 629.113.001.4(075.8)
|v 3
|
| 700 |
|
1 |
|a Куров
|b Б. А.
|g Борис Алексеевич
|
| 701 |
|
1 |
|a Лаптев
|b С. А.
|g Сергей Александрович
|
| 701 |
|
1 |
|a Балабин
|b И. В.
|g Игорь Венедиктович
|
| 801 |
|
1 |
|a RU
|b 63413507
|c 20150121
|
| 801 |
|
2 |
|a RU
|b 63413507
|c 20170328
|g RCR
|
| 942 |
|
|
|c BK
|